00926nam a2200229 a 45000010005000000030009000050080041000140200015000550400028000700820018000981000025001162450052001412600035001933000011002285900085002396500028003246500030003529420012003829990017003949520152004119520133005638233CO-ViMGA141112s2004 ck r 000 u spa d a9582401680 aCO-ViMGAbspacCO-ViMGA04aCo864.44 M67c1 aMoreno Durán, R.H.10aComo el Halcon Peregrino / cMoreno Duran R.H.  aBogotá, cSantillana, c1995 a344 p. aForma de adquisición : donacion - - Proveedor : Biblioteca Luis Ángel Arango14aCritica literaria9412314aEnsayos colombianos91215 2ddccBK c20043d20043 00102ddc40708003aMEVIECARbMEVIECARd2015-12-04hVolumen. 1 | 11/jun/2009l0oCo864.44 M67c p8233r2015-12-04 00:00:00tEj. 1w2015-12-04yBK 00102ddc40708GENaMEPLOPEZbMEPLOPEZcGENd2025-08-28l0oCo864.44 M67cpPLZ02955r2025-08-28 22:45:14tEj.1w2025-08-28yBK